000 00631nac a22001811u 4500
020 _a8175152087 :
082 _a628.5
_bBHA
090 _c9425
_d9425
100 _aBhatia, H. S.
245 _aA text book on environmental pollution and control /
_cH. S. Bhatia.
260 _aDelhi :
_bGalgotia,2003.
_cc2003.
300 _axiii,425p.:
_bill.;
_c24 cm.
500 _aDistributer: Al-Ahram
511 _aCatalogued by: Sara
650 _aEnvironmental engineering.
942 _cBB
_k628.5BHA
999 _c9425
_d9425